000 00448cam a2200181ua 4500
020 _c8.60
041 _aeng
_h
082 _a604.2
_bBIN/EX
100 _aBinns, H .
245 _aExamples in engineering drawing, Vol I /
_cH.Binns.
_hTextual Documents
250 _a1 /
_b.
260 _aLondon :
_bThe English University Press Ltd ,
_c1963.
300 _a92 ; .
365 _a8.60
504 _a
942 _cBK
999 _c1989
_d1989